Molecular Nanobiotechnology (Record no. 47148)

MARC details
000 -LEADER
fixed length control field 00392nam a22001577a 4500
008 - FIXED-LENGTH DATA ELEMENTS--GENERAL INFORMATION
fixed length control field 220223b ||||| |||| 00| 0 eng d
020 ## - INTERNATIONAL STANDARD BOOK NUMBER
International Standard Book Number 9789384568597
041 ## - LANGUAGE CODE
Language code of text/sound track or separate title eng
082 ## - DEWEY DECIMAL CLASSIFICATION NUMBER
Classification number 621.381
Item number KHM
100 ## - MAIN ENTRY--PERSONAL NAME
Personal name Khare Rita
245 ## - TITLE STATEMENT
Title Molecular Nanobiotechnology
Remainder of title
Statement of responsibility, etc. By Rita Khare
260 ## - PUBLICATION, DISTRIBUTION, ETC.
Place of publication, distribution, etc. Jaipur
Name of publisher, distributor, etc. Agrotech Press
Date of publication, distribution, etc. 2015
300 ## - PHYSICAL DESCRIPTION
Extent 264p.
650 ## - SUBJECT ADDED ENTRY--TOPICAL TERM
Topical term or geographic name entry element ZOOLOGY
942 ## - ADDED ENTRY ELEMENTS (KOHA)
Koha item type Books
Holdings
Withdrawn status Lost status Source of classification or shelving scheme Damaged status Not for loan Home library Current library Date acquired Source of acquisition Cost, normal purchase price Total Checkouts Full call number Barcode Date last seen Price effective from Koha item type
    Dewey Decimal Classification     Chaudhary Ranbir Singh University Chaudhary Ranbir Singh University 20.04.2023 Atlantic Publishers & Distributors, New Delhi 1995.00   621.381 KHM 32476 22.06.2023 22.06.2023 Books


Copyright © 2025 CRSU. All Rights Reserved.